000 00858nam a22001937a 4500
999 _c60487
_d60487
005 20230804162245.0
008 230804s2010 geo||||| |||| 00| 0 eng d
020 _a9789941421228
041 _aeng
080 _a94(479.22)"10/12" M-61
100 _aMetreveli, Roin
_919603
245 _aThe golden age :
_b Georgia from the 11th century to the first quarter of the 13th century /
_cRoin Metreveli ; translation by Elene Paghava ; editor Buba Kudava ; photogr.: Vakhtang Gabelia, Shalva Lezhava, Mirian Kiladze [et al.].
264 _aTbilisi :
_bArtanuji,
_c2010.
300 _a212 p. :
_b ill., maps ;
_c23 cm.
653 _aსაქართველოს ისტორია -- XI-XIII ს.ს.
700 _aKudava, Buba
_eრედაქტორი
_919604
700 _aPaghava, Elene
_eმთარგმნელი
_919605
942 _2udc
_cBK